| 000 | 00601nam a2200181Ia 4500 | ||
|---|---|---|---|
| 003 | IN-BaIIA | ||
| 008 | 211028s9999 xx 000 0 eng d | ||
| 020 | _a1-58542-193-6 | ||
| 040 | _cIIA Library | ||
| 080 |
_a330:546.11 _bRIF |
||
| 100 |
_aRifkin, Jeremy. _928683 |
||
| 245 | 4 |
_aThe hydrogen economy _bthe creation of the worldwide energy web and the redistribution of power on earth _cJeremy Rifkin |
|
| 260 |
_aNew York _bJ.P. Tarcher _c2002 |
||
| 300 | _a294p. | ||
| 650 |
_aGlobalization _928684 |
||
| 650 |
_aHydrogen as Fuel _928685 |
||
| 942 | _cBK | ||
| 999 |
_c15548 _d15548 |
||